[Event "Kingston Invitational 3rd"]
[Site "Kingston upon Thames"]
[Date "2024.08.15"]
[Round "6.5"]
[White "Eames, Robert S"]
[Black "Villiers, Thomas"]
[Result "1/2-1/2"]
[WhiteElo "2145"]
[BlackElo "2195"]
[PlyCount "178"]
[EventDate "2024.08.12"]
[EventType "swiss"]
[EventRounds "9"]
[EventCountry "ENG"]
[SourceTitle "BritBase"]
[Source "John Saunders"]
[SourceDate "2024.08.18"]
[SourceVersion "1"]
[SourceVersionDate "2024.08.18"]
[SourceQuality "1"]

1. e4 c5 2. d4 cxd4 3. c3 Nf6 4. e5 Nd5 5. Bc4 Nb6 6. Bb3 d5 7. cxd4 Bf5 8. Ne2 e6 9. Ng3 Bg6 10. h4 h5 11. Nc3 Nc6 12. Nce2 Bb4+ 13. Kf1 Nc4 14. Nf4 Qb6 15. Nxg6 fxg6 16. Bxc4 dxc4 17. Be3 O-O-O 18. Qc2 Qa6 19. Ne2 Ne7 20. Rc1 Qxa2 21. Nf4 Kd7 22. Nxg6 Rhe8 23. Bg5 Rc8 24. Nxe7 Bxe7 25. Rh3 Qa6 26. Kg1 b5 27. Qg6 Qa2 28. d5 Bxg5 29. dxe6+ Kc7 30. hxg5 Qxb2 31. Rhc3 Kb8 32. Qxg7 Rxe6 33. Qd7 Rec6 34. Qd5 b4 35. R3c2 Qb3 36. e6 R6c7 37. Qe5 c3 38. g6 Qc4 39. g7 Qc5 40. Qg3 Rg8 41. Re2 Rgxg7 42. Qf4 b3 43. Re5 Qc4 44. Qf8+ Kb7 45. e7 b2 46. Rce1 Rg8 47. e8=Q Rxf8 48. Qxf8 c2 49. Qf3+ Rc6 50. Re7+ Kb6 51. Qe3+ Rc5 52. Qa3 b1=Q 53. Qxa7+ Kb5 54. Rb7+ Kc6 55. Rc7+ Kd6 56. Rd7+ Kc6 57. Qc7+ Kb5 58. Qb8+ Ka4 59. Ra7+ Ra5 60. Rxa5+ Kxa5 61. Rxb1 cxb1=R+ 62. Qxb1 Qd5 63. Qe1+ Kb5 64. f3 Qd4+ 65. Kh2 Qf4+ 66. Qg3 Qf5 67. Qb8+ Kc6 68. Qa8+ Kd6 69. Qb8+ Ke7 70. Qg3 Kf7 71. f4 Kf6 72. Qh4+ Kg6 73. Qg3+ Kf6 74. Qe3 Qg4 75. Qe5+ Kg6 76. g3 Qf3 77. Qe6+ Kg7 78. f5 h4 79. Qg6+ Kh8 80. Qh6+ Kg8 81. Qg6+ Kh8 82. Qe8+ Kh7 83. Qe7+ Kg8 84. Qg5+ Kf7 85. Qg6+ Kf8 86. Qh6+ Kg8 87. Qg5+ Kf7 88. Qxh4 Qf2+ 89. Kh3 Qxf5+ 1/2-1/2

[Event "Kingston Invitational 3rd"]
[Site "Kingston upon Thames"]
[Date "2024.08.15"]
[Round "6.6"]
[White "Wall, Gavin"]
[Black "Patel, Zain"]
[Result "1-0"]
[WhiteElo "2258"]
[BlackElo "2035"]
[PlyCount "85"]
[EventDate "2024.08.12"]
[EventType "swiss"]
[EventRounds "9"]
[EventCountry "ENG"]
[SourceTitle "BritBase"]
[Source "John Saunders"]
[SourceDate "2024.08.18"]
[SourceVersion "1"]
[SourceVersionDate "2024.08.18"]
[SourceQuality "1"]

1. d4 Nf6 2. Bg5 d5 3. Nd2 c6 4. Ngf3 Bf5 5. e3 Nbd7 6. Bd3 Bxd3 7. cxd3 h6 8. Bh4 e6 9. Ne5 Be7 10. f4 Nxe5 11. fxe5 Nd7 12. Bxe7 Qxe7 13. O-O O-O 14. Rc1 c5 15. dxc5 Nxe5 16. d4 Nc6 17. Nf3 Rfd8 18. Qe1 e5 19. b4 exd4 20. b5 Ne5 21. exd4 Nxf3+ 22. Rxf3 Qg5 23. Re3 Qf4 24. Qf2 Qxf2+ 25. Kxf2 a6 26. b6 Kf8 27. a4 a5 28. Rce1 Rd7 29. Kf3 Rc8 30. Kf4 g6 31. h4 Rcd8 32. h5 Rc8 33. hxg6 fxg6 34. Re6 Kf7 35. Ke5 Rg8 36. Rf1+ Kg7 37. Rff6 Kh7 38. Rd6 Rgg7 39. Kxd5 h5 40. Rxd7 Rxd7+ 41. Ke5 Re7+ 42. Re6 Rf7 43. d5 1-0

[Event "Kingston Invitational 3rd"]
[Site "Kingston upon Thames"]
[Date "2024.08.15"]
[Round "6.7"]
[White "Venkataramanan, TS."]
[Black "Gurner, Jem"]
[Result "1/2-1/2"]
[WhiteElo "2225"]
[BlackElo "2070"]
[PlyCount "82"]
[EventDate "2024.08.12"]
[EventType "swiss"]
[EventRounds "9"]
[EventCountry "ENG"]
[SourceTitle "BritBase"]
[Source "John Saunders"]
[SourceDate "2024.08.18"]
[SourceVersion "1"]
[SourceVersionDate "2024.08.18"]
[SourceQuality "1"]

1. e4 c5 2. c3 Nf6 3. e5 Nd5 4. d4 cxd4 5. Nf3 e6 6. cxd4 Nc6 7. Nc3 d6 8. Bd3 Nxc3 9. bxc3 dxe5 10. dxe5 Qa5 11. Bf4 Qxc3+ 12. Kf1 Be7 13. Rc1 Qa3 14. g3 O-O 15. Be4 Rd8 16. Qe2 Bd7 17. h4 Be8 18. Rc4 Nb4 19. Rc7 Rd7 20. Rxd7 Bxd7 21. Ng5 g6 22. Nxh7 Qa6 23. Qxa6 Nxa6 24. Bg5 Nc5 25. Bxe7 Nxe4 26. Nf6+ Nxf6 27. Bxf6 Rc8 28. Ke2 Bc6 29. Rh2 Bd5 30. h5 Kh7 31. Rh4 Rc4 32. f4 Rc3 33. hxg6+ Kxg6 34. g4 Rg3 35. a4 b6 36. Be7 a6 37. Bg5 b5 38. axb5 axb5 39. Be7 Rg2+ 40. Ke3 Rg3+ 41. Ke2 Rg2+ 1/2-1/2

[Event "Kingston Invitational 3rd"]
[Site "Kingston upon Thames"]
[Date "2024.08.15"]
[Round "6.8"]
[White "Willmoth, Robert F"]
[Black "Liu, Jack"]
[Result "1/2-1/2"]
[WhiteElo "2098"]
[BlackElo "2081"]
[PlyCount "87"]
[EventDate "2024.08.12"]
[EventType "swiss"]
[EventRounds "9"]
[EventCountry "ENG"]
[SourceTitle "BritBase"]
[Source "John Saunders"]
[SourceDate "2024.08.18"]
[SourceVersion "1"]
[SourceVersionDate "2024.08.18"]
[SourceQuality "1"]

1. d4 Nf6 2. Nf3 g6 3. Bg5 Bg7 4. c3 d5 5. Nbd2 O-O 6. e3 Nbd7 7. Bd3 c5 8. O-O b6 9. a4 Bb7 10. b4 Ne4 11. bxc5 Nxg5 12. Nxg5 bxc5 13. f4 e5 14. Rb1 Rb8 15. dxe5 Nxe5 16. Bc2 Qe7 17. e4 Nc4 18. Nxc4 dxc4 19. Qe1 h6 20. Nf3 Bc6 21. Qe3 Rbd8 22. Kh1 Rfe8 23. Rbe1 Qb7 24. e5 Rc8 25. Re2 Bd5 26. h4 Qe7 27. Be4 Bxe4 28. Qxe4 Qe6 29. Nd2 Qg4 30. Nxc4 Qxh4+ 31. Kg1 Bf8 32. Ne3 c4 33. Nxc4 Bc5+ 34. Ne3 Bb6 35. Rf3 Rxc3 36. Rh3 Qg4 37. Re1 h5 38. Kh2 Bxe3 39. Rhxe3 Rxe3 40. Rxe3 Kg7 41. Rg3 Qh4+ 42. Rh3 Qg4 43. Rg3 Qh4+ 44. Rh3 1/2-1/2

[Event "Kingston Invitational 3rd"]
[Site "Kingston upon Thames"]
[Date "2024.08.15"]
[Round "6.9"]
[White "Young, Daniel J"]
[Black "Banerjee, Supratit"]
[Result "0-1"]
[WhiteElo "1926"]
[BlackElo "2156"]
[PlyCount "78"]
[EventDate "2024.08.12"]
[EventType "swiss"]
[EventRounds "9"]
[EventCountry "ENG"]
[SourceTitle "BritBase"]
[Source "John Saunders"]
[SourceDate "2024.08.18"]
[SourceVersion "1"]
[SourceVersionDate "2024.08.18"]
[SourceQuality "1"]

1. e4 c6 2. d4 d5 3. e5 Bf5 4. Nf3 e6 5. Be2 c5 6. Be3 cxd4 7. Nxd4 Ne7 8. Nd2 Nbc6 9. N2f3 h6 10. O-O g5 11. Re1 Bg7 12. Bb5 O-O 13. Nxf5 Nxf5 14. Bc5 Re8 15. h3 Rc8 16. Qe2 a6 17. Bxc6 Rxc6 18. Ba3 b5 19. c3 Qb6 20. g4 Ne7 21. Bxe7 Rxe7 22. Nd4 Rc4 23. Qe3 Rec7 24. a3 a5 25. Nc2 Qxe3 26. Rxe3 Bf8 27. f3 Bc5 28. Nd4 Rxd4 29. cxd4 Bxd4 30. Rae1 Rc2 31. Kf1 Bxe3 32. Rxe3 Rxb2 33. Rc3 b4 34. axb4 axb4 35. Rc8+ Kg7 36. Rb8 b3 37. Kg1 Rb1+ 38. Kg2 b2 39. Rb7 d4 0-1

[Event "Kingston Invitational 3rd"]
[Site "Kingston upon Thames"]
[Date "2024.08.15"]
[Round "6.10"]
[White "Rushbrooke, Remy"]
[Black "Josse, Mark"]
[Result "0-1"]
[WhiteElo "2056"]
[BlackElo "2141"]
[PlyCount "82"]
[EventDate "2024.08.12"]
[EventType "swiss"]
[EventRounds "9"]
[EventCountry "ENG"]
[SourceTitle "BritBase"]
[Source "John Saunders"]
[SourceDate "2024.08.18"]
[SourceVersion "1"]
[SourceVersionDate "2024.08.18"]
[SourceQuality "1"]

1. Nf3 d5 2. g3 Bg4 3. Bg2 Nd7 4. c4 e6 5. cxd5 exd5 6. h3 Bh5 7. O-O Ngf6 8. d3 Be7 9. Nc3 c6 10. e4 dxe4 11. dxe4 Nc5 12. Qc2 Qd3 13. Qxd3 Nxd3 14. Nh4 Nxc1 15. Raxc1 Nd7 16. Nf5 Rg8 17. Nxe7 Kxe7 18. g4 Bg6 19. e5 f6 20. e6 Kxe6 21. Rfe1+ Kf7 22. f4 f5 23. Nb5 cxb5 24. Rc7 Rad8 25. Bd5+ Kf8 26. Bxg8 Kxg8 27. Rd1 Be8 28. gxf5 Rb8 29. Rdxd7 Bxd7 30. Rxd7 a6 31. Kf2 Rc8 32. Kf3 Rc2 33. f6 gxf6 34. Ke4 Rxb2 35. Kf5 Rxa2 36. Kxf6 h5 37. Rg7+ Kh8 38. Rxb7 Ra3 39. h4 Rg3 40. f5 Rg4 41. Kf7 Rg7+ 0-1

[Event "Kingston Invitational 3rd"]
[Site "Kingston upon Thames"]
[Date "2024.08.15"]
[Round "6.11"]
[White "Hill, Alistair"]
[Black "Taylor, William J"]
[Result "1/2-1/2"]
[WhiteElo "2089"]
[BlackElo "1967"]
[PlyCount "205"]
[EventDate "2024.08.12"]
[EventType "swiss"]
[EventRounds "9"]
[EventCountry "ENG"]
[SourceTitle "BritBase"]
[Source "John Saunders"]
[SourceDate "2024.08.18"]
[SourceVersion "1"]
[SourceVersionDate "2024.08.18"]
[SourceQuality "1"]

1. c4 e6 2. Nc3 d5 3. d4 Nf6 4. cxd5 exd5 5. Bg5 c6 6. e3 h6 7. Bh4 Be7 8. Bd3 O-O 9. Bg3 Nbd7 10. Nf3 Nh5 11. Be5 Nxe5 12. Nxe5 Nf6 13. O-O Nd7 14. Nf3 Re8 15. Qc2 Bd6 16. Rab1 Qe7 17. a3 a5 18. Rfc1 Nb6 19. Na4 Nxa4 20. Qxa4 Bd7 21. Qc2 a4 22. Bf5 Bxf5 23. Qxf5 Qe4 24. Qd7 Qe7 25. Qxe7 Rxe7 26. Ne1 f6 27. Nd3 Kf7 28. Rc3 Ra7 29. g3 g5 30. Kg2 Ra8 31. Kf3 f5 32. Rg1 Kf6 33. h4 Rh8 34. Rh1 Reh7 35. Kg2 g4 36. Ra1 Ra8 37. Kf1 Ra7 38. Ke2 Rg7 39. Kd2 Rg8 40. b4 axb3 41. Rxb3 Ke6 42. Rab1 b5 43. Rc1 Kd7 44. Rcc3 Rga8 45. Kc2 Ra4 46. Kb2 R8a6 47. Nc5+ Bxc5 48. Rxc5 Kd6 49. Rc1 Rb6 50. Rcc3 Rba6 51. Kc2 Rc4 52. Kd3 Raa4 53. Kd2 Ra7 54. Rc1 Rxc1 55. Kxc1 Ra4 56. Kb2 Ra7 57. Rb4 Ra8 58. Kb3 Kc7 59. Kb2 Kb6 60. Rb3 Ra4 61. Rb4 Ra7 62. Rb3 Ra4 63. Rc3 Rc4 64. Rc2 Ka5 65. Rd2 Ka4 66. Rd1 b4 67. axb4 Rxb4+ 68. Kc2 Kb5 69. Kd2 Rb2+ 70. Ke1 Kc4 71. Kf1 Rc2 72. h5 Rb2 73. Rc1+ Kb5 74. Ra1 c5 75. dxc5 Kxc5 76. Ra8 Kd6 77. Ra6+ Ke5 78. Rxh6 d4 79. exd4+ Kxd4 80. Re6 Kd5 81. Re1 Rb6 82. Ke2 Rh6 83. Rh1 Ke4 84. Rh4 Kd5 85. Kd3 Kd6 86. Kd4 Ke6 87. Rh1 Kf6 88. Ke3 Kg5 89. Rh2 Re6+ 90. Kd4 Kh6 91. Kd3 Re1 92. Kd2 Re8 93. Rh1 Re4 94. Kd3 Re8 95. Kd2 Re4 96. Rh4 Re8 97. Rh2 Re7 98. Kd1 Re4 99. Rh1 f4 100. gxf4 Rxf4 101. Ke2 Re4+ 102. Kf1 Re5 103. Kg2 1/2-1/2

[Event "Kingston Invitational 3rd"]
[Site "Kingston upon Thames"]
[Date "2024.08.15"]
[Round "6.12"]
[White "Dicen, Elis Denele"]
[Black "Walker, Samuel A"]
[Result "1-0"]
[WhiteElo "2060"]
[BlackElo "2032"]
[PlyCount "87"]
[EventDate "2024.08.12"]
[EventType "swiss"]
[EventRounds "9"]
[EventCountry "ENG"]
[SourceTitle "BritBase"]
[Source "John Saunders"]
[SourceDate "2024.08.18"]
[SourceVersion "1"]
[SourceVersionDate "2024.08.18"]
[SourceQuality "1"]

1. e4 c5 2. Nf3 Nc6 3. Bb5 g6 4. Bxc6 dxc6 5. d3 Qc7 6. h3 e5 7. a4 Be6 8. O-O h6 9. Be3 Rd8 10. Qe2 g5 11. Nfd2 Nf6 12. Nc3 Rg8 13. Kh2 g4 14. f4 exf4 15. Bxf4 Qe7 16. e5 Nh5 17. Nde4 Qh4 18. Qe1 Be7 19. Qxh4 Bxh4 20. g3 Nxf4 21. gxh4 g3+ 22. Nxg3 Nd5 23. Nce4 b6 24. Rf3 Ke7 25. Raf1 Rg7 26. Nh5 Rg6 27. R1f2 c4 28. dxc4 Nb4 29. Nf4 Rg7 30. Nd6 Rf8 31. c3 Na6 32. Nxe6 Kxe6 33. Rf6+ Kd7 34. b4 Nc7 35. Rd2 Rg6 36. Nxf7+ Ke7 37. Rxg6 Rxf7 38. Rxc6 Ne6 39. Rcd6 Rf4 40. Rd7+ Ke8 41. Rxa7 Rf3 42. Rd6 Nf4 43. Rxb6 Rxh3+ 44. Kg1 1-0

[Event "Kingston Invitational 3rd"]
[Site "Kingston upon Thames"]
[Date "2024.08.15"]
[Round "6.13"]
[White "Seymour, Timothy P"]
[Black "Large, Peter G"]
[Result "0-1"]
[WhiteElo "2124"]
[BlackElo "2336"]
[PlyCount "68"]
[EventDate "2024.08.12"]
[EventType "swiss"]
[EventRounds "9"]
[EventCountry "ENG"]
[SourceTitle "BritBase"]
[Source "John Saunders"]
[SourceDate "2024.08.18"]
[SourceVersion "1"]
[SourceVersionDate "2024.08.18"]
[SourceQuality "1"]

1. c4 b6 2. Nc3 Bb7 3. Nf3 e6 4. a3 c5 5. e4 d6 6. d4 cxd4 7. Nxd4 a6 8. Be3 Nf6 9. f3 Nbd7 10. Be2 Be7 11. O-O O-O 12. Qd2 Rc8 13. Rfd1 Qc7 14. Rac1 Qb8 15. a4 Kh8 16. Kh1 Rg8 17. Bf1 Ne5 18. b3 Nfd7 19. Bg1 g5 20. Ra1 Rg6 21. a5 bxa5 22. Rxa5 Rcg8 23. b4 Nf6 24. c5 dxc5 25. bxc5 Qc7 26. Qa2 Nh5 27. Bxa6 g4 28. f4 Nf3 29. Nxf3 gxf3 30. Bd4+ Bf6 31. Bxf6+ Nxf6 32. gxf3 Bxa6 33. Rxa6 Qxc5 34. Ne2 Qf2 0-1

[Event "Kingston Invitational 3rd"]
[Site "Kingston upon Thames"]
[Date "2024.08.15"]
[Round "6.14"]
[White "Gallagher, Daniel GH"]
[Black "Fellowes, Billy"]
[Result "1-0"]
[WhiteElo "2253"]
[BlackElo "2006"]
[PlyCount "143"]
[EventDate "2024.08.12"]
[EventType "swiss"]
[EventRounds "9"]
[EventCountry "ENG"]
[SourceTitle "BritBase"]
[Source "John Saunders"]
[SourceDate "2024.08.18"]
[SourceVersion "1"]
[SourceVersionDate "2024.08.18"]
[SourceQuality "1"]

1. e4 Nc6 2. Nf3 d6 3. d4 Nf6 4. d5 Nb8 5. Bd3 g6 6. h3 c6 7. c4 Nbd7 8. Nc3 Bg7 9. O-O O-O 10. Be3 Nh5 11. Qd2 Ne5 12. Nxe5 dxe5 13. Be2 Nf6 14. Rfd1 Qc7 15. c5 Rd8 16. Qc2 h6 17. Rac1 g5 18. b4 g4 19. hxg4 Bxg4 20. f3 Bd7 21. Kf2 Kh7 22. Rh1 Rh8 23. Qd2 h5 24. g4 Kg8 25. g5 Ne8 26. Bc4 e6 27. d6 Qd8 28. Rcg1 b6 29. Ne2 b5 30. Bb3 a5 31. bxa5 Rxa5 32. Rh4 Bf8 33. Rgh1 Ng7 34. Ng3 Ra8 35. Nxh5 Nxh5 36. Rxh5 Rxh5 37. Rxh5 Bg7 38. Rh1 Qa5 39. Qxa5 Rxa5 40. Ke2 Ra7 41. Kd3 Ra8 42. Kc3 Kf8 43. a4 bxa4 44. Ra1 a3 45. Bc1 Ke8 46. Rxa3 Rxa3 47. Bxa3 Kd8 48. Kb4 Kc8 49. Bb2 Kb8 50. f4 f6 51. gxf6 Bxf6 52. Bxe5 Bxe5 53. fxe5 Kb7 54. Bc4 Kc8 55. Ba6+ Kb8 56. Kc3 Ka7 57. Bc4 Kb7 58. Kd3 Kc8 59. Ba6+ Kd8 60. Kc4 Be8 61. Kb4 Bg6 62. Bd3 Kc8 63. Ka5 Kd8 64. Kb6 Kd7 65. Kb7 Bh7 66. Kb8 Kd8 67. Kb7 Kd7 68. Be2 Bg6 69. Bg4 Bf7 70. Kb6 Be8 71. Bxe6+ Kxe6 72. Kc7 1-0

[Event "Kingston Invitational 3rd"]
[Site "Kingston upon Thames"]
[Date "2024.08.15"]
[Round "6.15"]
[White "Lalic, Peter D"]
[Black "Verma, Shlok"]
[Result "0-1"]
[WhiteElo "2181"]
[BlackElo "2060"]
[PlyCount "80"]
[EventDate "2024.08.12"]
[EventType "swiss"]
[EventRounds "9"]
[EventCountry "ENG"]
[SourceTitle "BritBase"]
[Source "John Saunders"]
[SourceDate "2024.08.18"]
[SourceVersion "1"]
[SourceVersionDate "2024.08.18"]
[SourceQuality "1"]

1. e4 e6 2. d4 d5 3. Nc3 Nf6 4. Bg5 Bb4 5. Nge2 h6 6. Bxf6 Qxf6 7. e5 Qd8 8. a3 Be7 9. Nf4 c5 10. Qg4 g5 11. Nh5 cxd4 12. Nb5 Nc6 13. O-O-O a6 14. Nxd4 Nxe5 15. Qg3 Bd6 16. f4 Ng6 17. Qc3 Qc7 18. Qxc7 Bxc7 19. f5 Nf4 20. Nf6+ Ke7 21. Ng4 e5 22. Re1 f6 23. h4 Bd7 24. h5 Kf7 25. g3 exd4 26. gxf4 Bxf4+ 27. Kb1 Bxf5 28. Bh3 Be4 29. Nf2 Bxh1 30. Be6+ Kg7 31. Rxh1 Rad8 32. Nd3 Be3 33. Bf5 Rhe8 34. Nc5 Rb8 35. Nd7 Rbc8 36. Nb6 Rcd8 37. Rf1 d3 38. Nd7 d2 39. Bg6 Bf4 40. Bxe8 Rxe8 0-1

[Event "Kingston Invitational 3rd"]
[Site "Kingston upon Thames"]
[Date "2024.08.15"]
[Round "6.16"]
[White "Frostick, Clive A"]
[Black "Hasson, Peter"]
[Result "1-0"]
[WhiteElo "2161"]
[BlackElo "1984"]
[PlyCount "55"]
[EventDate "2024.08.12"]
[EventType "swiss"]
[EventRounds "9"]
[EventCountry "ENG"]
[SourceTitle "BritBase"]
[Source "John Saunders"]
[SourceDate "2024.08.18"]
[SourceVersion "1"]
[SourceVersionDate "2024.08.18"]
[SourceQuality "1"]

1. e4 d6 2. d4 Nf6 3. Nc3 g6 4. Be3 a6 5. h3 Bg7 6. f4 e6 7. Bd3 Nc6 8. Nf3 O-O 9. Qd2 Ne7 10. O-O-O b5 11. e5 b4 12. Ne4 Nxe4 13. Bxe4 Rb8 14. g4 Bb7 15. Bxb7 Rxb7 16. h4 f6 17. h5 Nd5 18. hxg6 hxg6 19. f5 Nxe3 20. Qxe3 fxe5 21. dxe5 exf5 22. Qb3+ Rf7 23. gxf5 gxf5 24. Rdg1 d5 25. Ng5 c5 26. Nxf7 Kxf7 27. Rxg7+ Kxg7 28. Qg3+ 1-0

[Event "Kingston Invitational 3rd"]
[Site "Kingston upon Thames"]
[Date "2024.08.15"]
[Round "6.17"]
[White "Payne, Matthew J"]
[Black "Andal, Edmond"]
[Result "0-1"]
[WhiteElo "2080"]
[BlackElo "1960"]
[PlyCount "200"]
[EventDate "2024.08.12"]
[EventType "swiss"]
[EventRounds "9"]
[EventCountry "ENG"]
[SourceTitle "BritBase"]
[Source "John Saunders"]
[SourceDate "2024.08.18"]
[SourceVersion "1"]
[SourceVersionDate "2024.08.18"]
[SourceQuality "1"]

1. e4 e6 2. d4 d5 3. e5 b6 4. Bb5+ c6 5. Ba4 b5 6. Bb3 c5 7. c3 Qc7 8. Nf3 Nd7 9. O-O h6 10. a4 c4 11. Bc2 b4 12. cxb4 Bxb4 13. Nc3 Qc6 14. Bd2 Ba6 15. Nb5 Bf8 16. b3 Nb6 17. Re1 Bxb5 18. axb5 Qc7 19. Ba5 Ne7 20. bxc4 dxc4 21. Bxb6 Qxb6 22. Ra6 Qb7 23. Be4 Nd5 24. Qa4 Be7 25. Qxc4 O-O 26. Bxd5 exd5 27. Qc6 Rab8 28. Rb1 Rfc8 29. Qxb7 Rxb7 30. Ra2 Rc4 31. Rab2 a5 32. Ra2 Rxb5 33. Rd1 a4 34. Kf1 a3 35. Ke2 Bb4 36. Rd3 Kf8 37. Rb3 Ra5 38. Kd3 Ra4 39. Ng1 Ke7 40. Ne2 g5 41. Ng3 Ke6 42. Nh5 Kf5 43. g4+ Kxg4 44. Nf6+ Kh4 45. Nxd5 Bf8 46. Nc3 Rxd4+ 47. Ke3 Rac4 48. Nb5 Rd5 49. Nxa3 Ra4 50. Kf3 Rda5 51. Rb7 Rxa3+ 52. Rxa3 Rxa3+ 53. Kg2 Ra6 54. Rxf7 Bc5 55. Rc7 Ba3 56. Rc4+ Kh5 57. f4 gxf4 58. Rxf4 Bc1 59. Rf5+ Kg4 60. Rf6 Ra2+ 61. Rf2 Ra5 62. Re2 Bg5 63. e6 Be7 64. Re4+ Kf5 65. Kf3 Kf6 66. Rh4 h5 67. Re4 Bd6 68. h3 Rf5+ 69. Kg2 Be5 70. Re3 Kxe6 71. Rb3 Kf6 72. Rf3 Bf4 73. Rb3 Kg5 74. Rb7 Kh4 75. Rg7 Be3 76. Re7 Rf2+ 77. Kg1 Rf3+ 78. Kg2 Rg3+ 79. Kh2 Rxh3+ 80. Kg2 Rg3+ 81. Kh2 Bf4 82. Rf7 Rg4+ 83. Kh1 Kh3 84. Rg7 Kg3 85. Re7 Rh4+ 86. Kg1 Kf3 87. Rf7 Rh3 88. Rf8 h4 89. Rf7 Rg3+ 90. Kh1 Kg4 91. Rg7+ Kh3 92. Rg8 Ra3 93. Rg2 Bg3 94. Rh2+ Kg4 95. Rg2 h3 96. Rg1 Ra2 97. Rf1 Bf2 98. Kh2 Be3+ 99. Kh1 Re2 100. Rb1 Kg3 0-1

[Event "Kingston Invitational 3rd"]
[Site "Kingston upon Thames"]
[Date "2024.08.15"]
[Round "6.18"]
[White "Skettos, Nicolas"]
[Black "Pal, Rohan"]
[Result "1/2-1/2"]
[WhiteElo "1985"]
[BlackElo "2046"]
[PlyCount "60"]
[EventDate "2024.08.12"]
[EventType "swiss"]
[EventRounds "9"]
[EventCountry "ENG"]
[SourceTitle "BritBase"]
[Source "John Saunders"]
[SourceDate "2024.08.18"]
[SourceVersion "1"]
[SourceVersionDate "2024.08.18"]
[SourceQuality "1"]

1. e4 c5 2. Nf3 e6 3. d4 cxd4 4. Nxd4 Nf6 5. Nc3 Nc6 6. Nxc6 bxc6 7. e5 Nd5 8. Ne4 Qc7 9. f4 Qb6 10. c4 Bb4+ 11. Ke2 f5 12. exf6 Nxf6 13. Be3 Qd8 14. Nd6+ Bxd6 15. Qxd6 Bb7 16. Rd1 Rc8 17. Rg1 c5 18. g4 Rc6 19. Qd3 Rb6 20. b3 Qc7 21. Bg2 Nd5 22. Ke1 Nxe3 23. Qxe3 Bxg2 24. Rxg2 O-O 25. Rgd2 Qc6 26. Rxd7 Qh1+ 27. Kd2 Qxh2+ 28. Kc3 Qxa2 29. Rxg7+ Kxg7 30. Qe5+ Kg8 1/2-1/2

[Event "Kingston Invitational 3rd"]
[Site "Kingston upon Thames"]
[Date "2024.08.15"]
[Round "6.19"]
[White "Wilson, Ewan"]
[Black "Zhao, George"]
[Result "1-0"]
[WhiteElo "1983"]
[BlackElo "2014"]
[PlyCount "117"]
[EventDate "2024.08.12"]
[EventType "swiss"]
[EventRounds "9"]
[EventCountry "ENG"]
[SourceTitle "BritBase"]
[Source "John Saunders"]
[SourceDate "2024.08.18"]
[SourceVersion "1"]
[SourceVersionDate "2024.08.18"]
[SourceQuality "1"]

1. d4 e6 2. c4 Nf6 3. Nf3 Bb4+ 4. Bd2 Be7 5. Nc3 d5 6. Bg5 O-O 7. e3 b6 8. Be2 dxc4 9. Bxc4 Bb7 10. O-O Nbd7 11. Qe2 c5 12. Rfd1 Qc8 13. e4 cxd4 14. Nxd4 Ne5 15. Bb3 Ba6 16. Ncb5 h6 17. Bf4 Nc6 18. Rac1 Nxd4 19. Rxd4 Qe8 20. Bc4 Bc5 21. Rdd1 Rd8 22. Rxd8 Qxd8 23. a3 Bxb5 24. Bxb5 a5 25. Be5 Nh7 26. Kh1 Qe7 27. f4 f6 28. Bc3 Rd8 29. Bc4 Kh8 30. Rd1 Nf8 31. g3 Rxd1+ 32. Qxd1 Qc7 33. Qd3 f5 34. Kg2 Qb7 35. Kf3 b5 36. Bb3 b4 37. axb4 axb4 38. Bd4 Bxd4 39. Qxd4 Qb5 40. exf5 exf5 41. Qc4 Qxc4 42. Bxc4 Kh7 43. Ke3 g5 44. Bd3 Kg6 45. g4 h5 46. Bxf5+ Kf6 47. h3 h4 48. b3 gxf4+ 49. Kxf4 Ng6+ 50. Bxg6 Kxg6 51. Ke5 Kg5 52. Ke4 Kh6 53. Kf5 Kg7 54. Kg5 Kh7 55. Kxh4 Kh6 56. g5+ Kg6 57. Kg4 Kg7 58. h4 Kh7 59. h5 1-0

[Event "Kingston Invitational 3rd"]
[Site "Kingston upon Thames"]
[Date "2024.08.15"]
[Round "6.20"]
[White "Buckley, Graeme N"]
[Black "Pirgon, Joshua"]
[Result "1-0"]
[WhiteElo "2293"]
[BlackElo "1982"]
[PlyCount "43"]
[EventDate "2024.08.12"]
[EventType "swiss"]
[EventRounds "9"]
[EventCountry "ENG"]
[SourceTitle "BritBase"]
[Source "John Saunders"]
[SourceDate "2024.08.18"]
[SourceVersion "1"]
[SourceVersionDate "2024.08.18"]
[SourceQuality "1"]

1. e4 c5 2. Nf3 Nc6 3. Bb5 Nf6 4. Nc3 g6 5. e5 Ng4 6. Bxc6 dxc6 7. O-O Bg7 8. Re1 O-O 9. d3 b6 10. Bf4 Nh6 11. Ne4 Nf5 12. c3 Bh8 13. g4 Ng7 14. h3 Be6 15. Qd2 Qd7 16. Bg3 Bd5 17. Qh6 f6 18. Nfg5 fxg5 19. Nxg5 Rfd8 20. Qxh7+ Kf8 21. Qxh8+ Bg8 22. e6 1-0

[Event "Kingston Invitational 3rd"]
[Site "Kingston upon Thames"]
[Date "2024.08.15"]
[Round "6.21"]
[White "Bharat Kumar, Balahari"]
[Black "Clarke, Connor"]
[Result "0-1"]
[WhiteElo "2031"]
[BlackElo "2048"]
[PlyCount "82"]
[EventDate "2024.08.12"]
[EventType "swiss"]
[EventRounds "9"]
[EventCountry "ENG"]
[SourceTitle "BritBase"]
[Source "John Saunders"]
[SourceDate "2024.08.18"]
[SourceVersion "1"]
[SourceVersionDate "2024.08.18"]
[SourceQuality "1"]

1. d4 f5 2. g3 Nf6 3. Bg2 g6 4. c4 d6 5. Nc3 Bg7 6. Nh3 O-O 7. d5 Nbd7 8. O-O Ne5 9. Qb3 c5 10. dxc6 bxc6 11. Ng5 Bd7 12. a3 h6 13. Nf3 Nxf3+ 14. Bxf3 e5 15. e4 Kh7 16. Rd1 Qe7 17. c5 dxc5 18. Qc2 f4 19. gxf4 exf4 20. Qe2 Bh3 21. Kh1 Nd7 22. e5 Nxe5 23. Rg1 Rae8 24. Bd2 Bf5 25. Rae1 Qh4 26. Ne4 Nxf3 27. Qxf3 Qd8 28. Bc3 Qd5 29. Nd2 Bxc3 30. Qxd5 cxd5 31. bxc3 d4 32. cxd4 cxd4 33. Kg2 g5 34. Kf3 Bd7 35. Kg2 Bc6+ 36. f3 Re3 37. Nc4 g4 38. Nxe3 gxf3+ 39. Kf1 fxe3 40. Rb1 Be4 41. Rb3 Rc8 0-1

[Event "Kingston Invitational 3rd"]
[Site "Kingston upon Thames"]
[Date "2024.08.15"]
[Round "7.1"]
[White "Murphy, Conor E"]
[Black "Badacsonyi, Stanley"]
[Result "1/2-1/2"]
[WhiteElo "2460"]
[BlackElo "2179"]
[PlyCount "91"]
[EventDate "2024.08.12"]
[EventType "swiss"]
[EventRounds "9"]
[EventCountry "ENG"]
[SourceTitle "BritBase"]
[Source "John Saunders"]
[SourceDate "2024.08.18"]
[SourceVersion "1"]
[SourceVersionDate "2024.08.18"]
[SourceQuality "1"]

1. e4 e6 2. d4 d5 3. Nc3 Nf6 4. Bg5 Bb4 5. e5 h6 6. Bd2 Bxc3 7. bxc3 Ne4 8. Bc1 Nxc3 9. Qg4 g6 10. Ne2 Nxe2 11. Bxe2 b6 12. h4 Ba6 13. h5 Bxe2 14. Kxe2 g5 15. f4 gxf4 16. Qg7 Kd7 17. Qxf7+ Qe7 18. Qxe7+ Kxe7 19. Rh4 c5 20. Rxf4 Nd7 21. Ba3 Rhf8 22. Raf1 Rxf4 23. Rxf4 Rg8 24. Kf3 Rf8 25. c3 Rxf4+ 26. Kxf4 Kf7 27. g4 cxd4 28. cxd4 Nb8 29. g5 hxg5+ 30. Kxg5 Nc6 31. Bb2 Ne7 32. Ba3 Nc6 33. h6 Nxd4 34. h7 Kg7 35. h8=Q+ Kxh8 36. Kf6 Kg8 37. Bb2 Nf3 38. Kxe6 d4 39. Kd5 d3 40. Bc3 d2 41. Bxd2 Nxd2 42. Kc6 Nf3 43. Kb7 Nxe5 44. Kxa7 Nd7 45. Ka6 Kf7 46. a4 1/2-1/2